000 00665nam a2200253 i 4500
001 bg
100 1 _aKUCZYŃSKA-CESARZ, Anna.
245 0 _aRachunkowość :
_bpodręcznik.
_nCz.1,
_pWykład /
_cAnna Kuczyńska-Cesarz.
260 _aWarszawa :
_b"Difin",
_c2001.
300 _a332 s. ;
_c24 cm.
490 1 _aEdukacja
504 _aBibliogr.
650 9 _aRachunkowość
655 _aPodręczniki
830 _aEdukacja
020 _a8372511969
040 _cBPK
041 0 _apl
080 _a657(07)
920 _a83-7251-196-9
942 _cKS
008 s pl f |000 0 pol
999 _c40101
_d40101
856 _uhttp://koha.tu.koszalin.pl/cgi-bin/koha/opac-detail.pl?biblionumber=40101
_yKatalog online BPK